| 000 | 01489nam0a22002651 4500 | ||
|---|---|---|---|
| 001 | rc\4646857 | ||
| 005 | 20260407182208.0 | ||
| 021 |
_aRU _b[62-65303] |
||
| 035 | _a(NLR Aleph) 008688966 | ||
| 090 |
_a9226504 _c9226504 |
||
| 100 | _a20130416d1962 |||y0rusy50 ca | ||
| 101 | 0 | _arus | |
| 102 | _aRU | ||
| 105 | _ay z ||||| | ||
| 200 | 1 |
_aТезисы докладов института "Механобр" на совещании на ВДНХ в сентябре 1962 г. _fВсесоюз. науч.-исслед. и проектный ин-т мех. обработки полезных ископаемых "Механобр". Совещание по опыту интенсификации работы, модернизации и совершенствованию конструкции флотационных машин |
|
| 210 |
_aЛенинград _cБ. и. _d1962 |
||
| 215 |
_a15 с. _d20 |
||
| 606 |
_aФлотационные машины _jТезисы докладов _2psbo |
||
| 710 | 1 | 2 |
_aСовещание по опыту интенсификации работы, модернизации и совершенствованию конструкции флотационных машин _eМосква _f1962 _9733586 _3RU\NLR\AUTH\8810117214 |
| 712 | 0 | 2 |
_a"Механобр", институт _cЛенинград _9499071 _3RU\NLR\AUTH\8810000953 |
| 801 | 0 |
_aRU _bNLR _gpsbo |
|
| 801 | 1 |
_aRU _bELAR _2rusmarc |
|
| 852 |
_aNLR _j62-4/14797 |
||
| 942 | _cBOOK | ||
| 980 | _aNB | ||